MARC

LEADER 00000nam0a2200000 4500
001 44851
005 20231031022937.0
010 |a 5944621664 
035 |a (RuTPU)RU\TPU\book\46596 
090 |a 44851 
100 |a 20021127d2002 m y0rusy50 ca 
101 0 |a rus 
102 |a RU 
105 |a y j 001zy 
200 1 |a Парламентское право России  |e учебное пособие  |f А. П. Любимов 
205 |a 3-е изд., перераб. и доп. 
210 |a Москва  |c Маркетинг  |d 2002 
215 |a 368 с. 
320 |a Библиогр.: с. 348-366. 
610 1 |a право 
610 1 |a Российская Федерация 
610 1 |a парламент 
610 1 |a парламентское право 
610 1 |a Федеральное Собрание 
610 1 |a законы 
610 1 |a лоббирование 
610 1 |a законопроекты 
610 1 |a экспертиза 
610 1 |a подготовка 
610 1 |a Государственная Дума 
610 1 |a учебные пособия 
686 |a Х620.611.21я73  |v LBC/SL-A  |2 rubbk 
700 1 |a Любимов  |b А. П.  |g Алексей Павлович 
801 1 |a RU  |b 63413507  |c 20021127  |g PSBO 
801 2 |a RU  |b 63413507  |c 20180911  |g PSBO 
942 |c BK